000 00583nam a2200193Ia 4500
005 20250326145134.0
008 250326s9999 xx 000 0 und d
037 _aTextbook
040 _aFMSL
_beng
_cFMSL
041 _aeng
_2eng
084 _aX:8 P2
_qFMSL
100 _aMccall M W
_9750718
245 0 _aDeveloping global executives: lessons of international experience
_cMccall M W; Hollenbeck G P
260 _aNew Delhi
_bNew Delhi, Harvard Business School
_c2010
365 _b1200
650 _aManagement
942 _cTB
_hX:8 P2
999 _c1306504
_d1306504